<?xml version="1.0" encoding="UTF-8"?>
<record
    xmlns:xsi="http://www.w3.org/2001/XMLSchema-instance"
    xsi:schemaLocation="http://www.loc.gov/MARC21/slim http://www.loc.gov/standards/marcxml/schema/MARC21slim.xsd"
    xmlns="http://www.loc.gov/MARC21/slim">

  <leader>03659cam a2200361 i 4500</leader>
  <controlfield tag="001">17888689</controlfield>
  <controlfield tag="003">EG-ScBUE</controlfield>
  <controlfield tag="005">20230202113750.0</controlfield>
  <controlfield tag="008">130917t2014    enka   f      001 0 eng d</controlfield>
  <datafield tag="020" ind1=" " ind2=" ">
    <subfield code="a">9781472521903 (pbk.)</subfield>
  </datafield>
  <datafield tag="040" ind1=" " ind2=" ">
    <subfield code="a">DLC</subfield>
    <subfield code="b">eng</subfield>
    <subfield code="e">rda</subfield>
    <subfield code="c">DLC</subfield>
    <subfield code="d">EG-ScBUE</subfield>
  </datafield>
  <datafield tag="082" ind1="0" ind2="4">
    <subfield code="a">777.7</subfield>
    <subfield code="2">22</subfield>
    <subfield code="b">PUR</subfield>
  </datafield>
  <datafield tag="100" ind1="1" ind2=" ">
    <subfield code="a">Purves, Barry,</subfield>
    <subfield code="e">author.</subfield>
    <subfield code="9">38343</subfield>
  </datafield>
  <datafield tag="245" ind1="1" ind2="0">
    <subfield code="a">Stop-motion animation :</subfield>
    <subfield code="b">frame by frame film-making with puppets and models /</subfield>
    <subfield code="c">Barry J. C. Purves.</subfield>
  </datafield>
  <datafield tag="250" ind1=" " ind2=" ">
    <subfield code="a">Second edition.</subfield>
  </datafield>
  <datafield tag="264" ind1=" " ind2="1">
    <subfield code="a">London ;</subfield>
    <subfield code="a">New York :</subfield>
    <subfield code="b">Fairchild Books / Bloomsbury,</subfield>
    <subfield code="c">[2014]</subfield>
  </datafield>
  <datafield tag="264" ind1=" " ind2="4">
    <subfield code="c">c2014</subfield>
  </datafield>
  <datafield tag="300" ind1=" " ind2=" ">
    <subfield code="a">227 pages :</subfield>
    <subfield code="b">color illustrations ;</subfield>
    <subfield code="c">24 cm.</subfield>
  </datafield>
  <datafield tag="336" ind1=" " ind2=" ">
    <subfield code="2">rdacontent</subfield>
    <subfield code="a">text</subfield>
    <subfield code="b">txt</subfield>
  </datafield>
  <datafield tag="337" ind1=" " ind2=" ">
    <subfield code="2">rdamedia</subfield>
    <subfield code="a">unmediated</subfield>
    <subfield code="b">n</subfield>
  </datafield>
  <datafield tag="338" ind1=" " ind2=" ">
    <subfield code="2">rdacarrier</subfield>
    <subfield code="a">volume</subfield>
    <subfield code="b">nc</subfield>
  </datafield>
  <datafield tag="490" ind1="0" ind2=" ">
    <subfield code="a">Basics animation</subfield>
  </datafield>
  <datafield tag="500" ind1=" " ind2=" ">
    <subfield code="a">Includes index.
</subfield>
  </datafield>
  <datafield tag="505" ind1="8" ind2=" ">
    <subfield code="a">Machine generated contents note: -- Introduction Chapter 1: What is stop-motion?The beginnings The illusion of movement PhysicalityA continuous performance Special effects Wholly animated filmsProject 1: Find your styleChapter 2: Focusing the idea Stories and themes Approaching the story A change of perspective Out of the mouths of... talking umbrellas? Atmosphere and substance EconomicsProject 2: What's the story?Chapter 3: The puppetsTelling the story with puppets The physical puppet Telling characteristics Stylised movement Replacements 3D printingEyes Hands Puppet size Clay Other techniques Project 3: Find your leading man (or mouse)Chapter 4: PreparationsWorking with others Sets Costume ColourProject 4: Set the sceneChapter 5: Chapter Tools and techniques Practicalities The camera Apps and other low-cost optionsLighting Sound Dialogue Special effects EditingProject 5: Setting up and getting startedChapter 5: Movement and performanceAnimating on the set Lively movementHelping the movement PerformanceProject 6: Make it read!ConclusionA brief history of stop-motionPicture credits Acknowledgements.</subfield>
  </datafield>
  <datafield tag="520" ind1=" " ind2=" ">
    <subfield code="a">"Stop-motion Animation teaches the skills required to develop as a creative stop-motion animator. It explores how all the elements of film-making - camera work, design, colour, lighting, editing, music and storytelling - come together in this unique art form.  With advice on how to use the particular types of movement, characters and stories that typify stop-motion, this book is packed with tips and suggestions to help you get the most out of your stop-motion films, accompanied by illustrations and case studies demonstrating how film-making masters through the years have used it in feature films, short films and television.  This second edition also introduces and explores two of the biggest innovations of recent years - at opposite ends of the industry. At the top-end, for film-makers with serious budgets, there is 3D printing in the creation of replacement parts for stop-motion characters while at the amateur/student end of the industry there are a variety of cheap, but effective, apps that can turn turn a smartphone into a mini stop-motion studio.  The new edition also includes an extended project in each chapter, covering storytelling techniques, selecting an appropriate style, developing a character, set building and lighting, creating a performance and adding music. These projects combine to lead you through the creation of your first one-minute stop-motion animation"--</subfield>
  </datafield>
  <datafield tag="650" ind1=" " ind2="7">
    <subfield code="a">Stop-motion animation films.</subfield>
    <subfield code="2">BUEsh</subfield>
  </datafield>
  <datafield tag="650" ind1=" " ind2="7">
    <subfield code="a">Animation (Cinematography)</subfield>
    <subfield code="2">BUEsh</subfield>
  </datafield>
  <datafield tag="650" ind1=" " ind2="7">
    <subfield code="a">Cinematography</subfield>
    <subfield code="x">Special effects.</subfield>
    <subfield code="2">BUEsh</subfield>
  </datafield>
  <datafield tag="651" ind1=" " ind2=" ">
    <subfield code="2">BUEsh</subfield>
  </datafield>
  <datafield tag="653" ind1=" " ind2=" ">
    <subfield code="b">COMAME</subfield>
    <subfield code="b">GGEN</subfield>
    <subfield code="c">June2015</subfield>
    <subfield code="c">August2015</subfield>
  </datafield>
  <datafield tag="655" ind1=" " ind2=" ">
    <subfield code="v">Reading book</subfield>
  </datafield>
  <datafield tag="942" ind1=" " ind2=" ">
    <subfield code="2">ddc</subfield>
    <subfield code="c">BB</subfield>
  </datafield>
  <datafield tag="999" ind1=" " ind2=" ">
    <subfield code="c">19648</subfield>
    <subfield code="d">19620</subfield>
  </datafield>
  <datafield tag="952" ind1=" " ind2=" ">
    <subfield code="0">0</subfield>
    <subfield code="1">0</subfield>
    <subfield code="2">ddc</subfield>
    <subfield code="4">0</subfield>
    <subfield code="7">0</subfield>
    <subfield code="8">Alahram</subfield>
    <subfield code="a">MAIN</subfield>
    <subfield code="b">MAIN</subfield>
    <subfield code="c">2ND</subfield>
    <subfield code="d">2015-06-15</subfield>
    <subfield code="e">purchase</subfield>
    <subfield code="g">286.00</subfield>
    <subfield code="h">313</subfield>
    <subfield code="l">4</subfield>
    <subfield code="m">15</subfield>
    <subfield code="o">777.7 PUR</subfield>
    <subfield code="p">000038746</subfield>
    <subfield code="r">2025-11-18 00:00:00</subfield>
    <subfield code="s">2025-10-02</subfield>
    <subfield code="v">357.50</subfield>
    <subfield code="y">BB</subfield>
  </datafield>
</record>
